000 00378nam a2200157 4500
001 44528
090 _a44528
100 _a20250603 pory50
101 _apor
102 _aPT
200 _aAs minhas primeiras Aventuras Científicas
210 _a[S.l.]
_cPorto Editora Multimédia
_d[D.L. 2005]
215 _a1 CD-ROM PC
675 _a5+6
801 _aPT
_gRPC
990 _cFILMES DVD